| 000 | 01062nam0a22002531 4500 | ||
|---|---|---|---|
| 001 | rc\2770337 | ||
| 005 | 20250806204304.0 | ||
| 035 | _a(NLR Aleph) 006896721 | ||
| 090 |
_a26463 _c26463 |
||
| 100 | _a20110915d1941 u y0rusy50 ca | ||
| 101 | 0 | _arus | |
| 102 | _aRU | ||
| 105 | _ay z ||||| | ||
| 200 | 1 |
_aНаучно-техническое совещание по вопросам эксплуатации жилого фонда Ленинграда _e(Постановления) _fНауч.-исслед. ин-т коммунального хозяйства Ленгорисполкома |
|
| 210 |
_aЛенинград _cЛНИИКХ _d1941 |
||
| 215 |
_a6, [1] с. _d26 см. |
||
| 710 | 1 | 2 |
_aСовещание по вопросам эксплуатации жилого фонда _f1941 _eЛенинград _3RU\NLR\AUTH\8810091526 |
| 801 | 0 |
_aRU _bNLR _gpsbo |
|
| 801 | 1 |
_aRU _bELAR _2rusmarc |
|
| 852 |
_aNLR _jЭк70 Г-8/1 |
||
| 942 | _cBOOK | ||
| 945 | _aРоссийская национальная библиотека | ||
| 980 | _aNB | ||
| 980 | _aBV | ||